000 00705cam a2200157 4500
001 ABS60914
008 000000n1999 000 0 eng u
035 _a(Sirsi) u101447
100 _aChristian, C.
245 _aSite deaths: legal process shields firms.
260 _c1999
490 _aConstruction News
_v(6623) 8 July 1999, 32(1)
520 _aDiscusses the problems in bringing cases of corporate manslaughter to court. Suggests that in part this is due to the fact that a successful prosecution depends on the successful parallel prosecution of an individual for manslaughter, as well as a lack of will to identify guilty firms.
690 _aBUILT ENVIRONMENT-BUILDING STANDARDS
942 _n0
999 _c60585
_d60585